00540nam a2200205 a 4500001001300000003000900013005001700022008004100039020001300080082001600093100002000109245002800129260004800157300000900205500003500214505002400249650001600273650002500289700002000314nice12345678IN_TiNIC20260116013359.0050524s1989 cama grp 000 0 eng  ac867.6500a340.59bROS aRosen, Lawrence aAnthropology of Justice aCambridgebCambridge University Pressc1989 a101p aincludes index and biblioraphy2 aBibliography, Index aIslamic-Law aLaw and Anthropology1 aRosen, Lawrence